Развитие силовых преобразовательных устройств для комплексов автоматики и стабилизации систем электропитания космических аппаратов; Инженерия для освоения космоса

Dettagli Bibliografici
Parent link:Инженерия для освоения космоса.— 2017.— [С. 33-36]
Autore principale: Щербаков Е. С.
Ente Autore: Национальный исследовательский Томский политехнический университет (ТПУ) Институт неразрушающего контроля (ИНК) Кафедра промышленной и медицинской электроники (ПМЭ)
Altri autori: Киселева Е. И. (научный руководитель), Лейман В. В., Михайлов М. В. Максим Валентинович
Riassunto:Заглавие с экрана
В статье рассматривается развитие силовых преобразовательных устройств для комплексов автоматики и стабилизации систем электропитания космических аппаратов. Приведены примеры построения различных комплексов автоматики и стабилизации. Проведен их сравнительный анализ. Определены основные современные принципы построения КАС и СЭП КА.
The article deals with the development of power conversion devices for automation and stabilization systems for electrical power supply systems for space vehicles. Examples of the construction of various automation and stabilization complexes are given. Their comparative analysis is carried out. The main modern principles of construction of ASC and EPS SPACECRAFT are determined.
Lingua:russo
Pubblicazione: 2017
Serie:Приборы и аппараты космического назначения
Soggetti:
Accesso online:http://earchive.tpu.ru/handle/11683/41286
Natura: Elettronico Capitolo di libro
KOHA link:https://koha.lib.tpu.ru/cgi-bin/koha/opac-detail.pl?biblionumber=622606

MARC

LEADER 00000naa2a2200000 4500
001 622606
005 20231101133224.0
035 |a (RuTPU)RU\TPU\conf\21401 
035 |a RU\TPU\conf\21400 
090 |a 622606 
100 |a 20170628d2017 k y0rusy50 ca 
101 0 |a rus  |d eng 
102 |a RU 
105 |a y z 101zy 
135 |a drgn ---uucaa 
181 0 |a i  
182 0 |a b 
200 1 |a Развитие силовых преобразовательных устройств для комплексов автоматики и стабилизации систем электропитания космических аппаратов  |d Development of power conversion devices for complexes of automation and stabilization of electric power supply systems for spacecraft  |f Е. С. Щербаков, Е. И. Киселева, В. В. Лейман  |g науч. рук. М. В. Михайлов 
203 |a Текст  |c электронный 
225 1 |a Приборы и аппараты космического назначения 
230 |a 1 компьютерный файл (pdf; 326 Kb) 
300 |a Заглавие с экрана 
320 |a [Библиогр.: с. 36 (4 назв.)] 
330 |a В статье рассматривается развитие силовых преобразовательных устройств для комплексов автоматики и стабилизации систем электропитания космических аппаратов. Приведены примеры построения различных комплексов автоматики и стабилизации. Проведен их сравнительный анализ. Определены основные современные принципы построения КАС и СЭП КА. 
330 |a The article deals with the development of power conversion devices for automation and stabilization systems for electrical power supply systems for space vehicles. Examples of the construction of various automation and stabilization complexes are given. Their comparative analysis is carried out. The main modern principles of construction of ASC and EPS SPACECRAFT are determined. 
463 0 |0 (RuTPU)RU\TPU\conf\21387  |t Инженерия для освоения космоса  |o сборник научных трудов V Международного молодежного форума, г. Томск, 18-20 апреля 2017 г.  |f Национальный исследовательский Томский политехнический университет (ТПУ) ; под ред. В. Н. Борикова [и др.]  |v [С. 33-36]  |d 2017 
510 1 |a Development of power conversion devices for complexes of automation and stabilization of electric power supply systems for spacecraft  |z eng 
610 1 |a труды учёных ТПУ 
610 1 |a электронный ресурс 
610 1 |a автоматика 
610 1 |a электропитание 
610 1 |a космические аппараты 
610 1 |a стабилизация 
610 1 |a солнечные батареи 
700 1 |a Щербаков  |b Е. С. 
701 1 |a Киселева  |b Е. И. 
701 1 |a Лейман  |b В. В. 
702 1 |a Михайлов  |b М. В.  |c специалист в области электроники  |c доцент Томского политехнического университета, кандидат технических наук  |f 1975-  |g Максим Валентинович  |2 stltpush  |4 727 
712 0 2 |a Национальный исследовательский Томский политехнический университет (ТПУ)  |b Институт неразрушающего контроля (ИНК)  |b Кафедра промышленной и медицинской электроники (ПМЭ)  |h 64  |2 stltpush  |3 (RuTPU)RU\TPU\col\18719 
801 2 |a RU  |b 63413507  |c 20170705  |g RCR 
856 4 |u http://earchive.tpu.ru/handle/11683/41286 
942 |c BK